[Event "SVM_Verbandsliga_Nord_2023-24"]
[Site "?"]
[Date "2023.11.05"]
[Round "3.3"]
[White "Themm, Rainer"]
[Black "Leistenschneider, Jürgen"]
[Result "1-0"]
[WhiteElo "1810"]
[BlackElo "1980"]
[PlyCount "85"]
[EventDate "2023.11.05"]
[WhiteTeam "SF Schlebusch 1"]
[BlackTeam "Schachuzipus 1"]

1. d4 Nf6 2. c4 c6 3. Nc3 d5 4. e3 Bf5 5. Nf3 e6 6. Be2 Nbd7 7. cxd5 exd5 8.
Bd2 Bd6 9. a3 a5 10. h3 h6 11. Rc1 Qe7 12. Na2 Ne4 13. Qb3 Ndf6 14. Bd3 O-O 15.
Qc2 Rfe8 16. Nc3 Nxd2 17. Bxf5 Nxf3+ 18. gxf3 Nh5 19. Ne2 Qh4 20. Qd3 Re7 21.
Rg1 Nf6 22. Rg2 Rc7 23. Kd2 c5 24. Rcg1 Ne8 25. Nc3 cxd4 26. Nb5 dxe3+ 27. fxe3
Rc6 28. Bd7 Rb6 29. Bxe8 Rxe8 30. Rxg7+ Kf8 31. Rxf7+ Kxf7 32. Qh7+ Ke6 33.
Rg6+ Qf6 34. Rxf6+ Kxf6 35. Nxd6 Rxd6 36. Qxb7 Rg8 37. Qc7 Ke6 38. f4 Rg2+ 39.
Kd3 Rf2 40. b4 axb4 41. axb4 Rd7 42. Qe5+ Kf7 43. Qh5+ 1-0

[Event "SVM_Verbandsliga_Nord_2023-24"]
[Site "?"]
[Date "2023.11.05"]
[Round "3.4"]
[White "Krämer, Delef"]
[Black "König, Linus"]
[Result "1-0"]
[WhiteElo "1831"]
[BlackElo "1808"]
[PlyCount "95"]
[EventDate "2023.11.05"]
[WhiteTeam "Schachuzipus 1"]
[BlackTeam "SF Schlebusch 1"]

1. c4 Nf6 2. Nc3 e6 3. e4 d5 4. e5 d4 5. exf6 dxc3 6. bxc3 Qxf6 7. d4 c5 8. Nf3
h6 9. Bd3 Bd6 10. Qe2 Nc6 11. Qe4 cxd4 12. cxd4 Bb4+ 13. Bd2 Bxd2+ 14. Kxd2 Nb4
15. Bb1 g6 16. Qe5 Qxe5 17. Nxe5 Nc6 18. Nxc6 bxc6 19. Be4 Kd7 20. Rab1 Ba6 21.
Rb4 Rab8 22. Rhb1 Kc7 23. Kc3 Rb6 24. a3 Rhb8 25. h4 Bc8 26. Bf3 Bd7 27. g3
Rxb4 28. axb4 a5 29. Be4 f5 30. Bd3 axb4+ 31. Rxb4 Rxb4 32. Kxb4 Kd6 33. f4 Bc8
34. Be2 Bb7 35. Bf3 Bc8 36. h5 gxh5 37. Bxh5 Bd7 38. Bf3 Be8 39. c5+ Kc7 40.
Ka5 Bd7 41. Ka6 Bc8+ 42. Ka7 Bd7 43. Be2 Bc8 44. Bh5 Bd7 45. Bf7 Bc8 46. Be8
Bd7 47. Bxd7 Kxd7 48. Kb7 1-0

[Event "SVM_Verbandsliga_Nord_2023-24"]
[Site "?"]
[Date "2023.11.05"]
[Round "3.5"]
[White "Rohde, Ricky"]
[Black "Huppertz, Christoph"]
[Result "1-0"]
[WhiteElo "1895"]
[BlackElo "1887"]
[PlyCount "93"]
[EventDate "2023.11.05"]
[WhiteTeam "SF Schlebusch 1"]
[BlackTeam "Schachuzipus 1"]

1. e4 e5 2. Nf3 Nc6 3. Bc4 Nf6 4. Ng5 d5 5. exd5 b5 6. Bf1 h6 7. Nxf7 Kxf7 8.
dxc6 Bc5 9. Be2 Rf8 10. O-O Kg8 11. d3 e4 12. Nc3 b4 13. Nxe4 Nxe4 14. dxe4
Qxd1 15. Bxd1 Ba6 16. Bf3 Bxf1 17. Kxf1 Rad8 18. Ke2 g5 19. Be3 Bxe3 20. Kxe3
Rf6 21. Be2 Rxc6 22. Bd3 Kg7 23. a3 a5 24. axb4 axb4 25. b3 Rc5 {(=)} 26. Ra7
Rb8 27. g3 g4 28. f4 gxf3 29. Kxf3 Rf8+ 30. Ke3 Rb8 31. Bc4 Kf6 32. h4 Ke5 33.
Ra6 Rb6 34. Rxb6 cxb6 35. g4 Rc7 36. Kf3 Rc8 37. g5 hxg5 38. hxg5 Rf8+ 39. Kg4
Rf4+ 40. Kh5 Rxe4 41. Kh6 Rh4+ 42. Kg7 Rg4 43. g6 Kf5 44. Kf7 Rd4 45. Be6+ Ke5
46. g7 Rd8 47. Ke7 1-0

[Event "SVM_Verbandsliga_Nord_2023-24"]
[Site "?"]
[Date "2023.11.05"]
[Round "3.6"]
[White "Schmerwitz, Reinhard"]
[Black "Tiemann, Ralf"]
[Result "1/2-1/2"]
[WhiteElo "1694"]
[BlackElo "1795"]
[PlyCount "71"]
[EventDate "2023.11.05"]
[WhiteTeam "Schachuzipus 1"]
[BlackTeam "SF Schlebusch 1"]

1. e4 e5 2. Nf3 Nc6 3. Bb5 a6 4. Ba4 d6 5. c3 Nf6 6. O-O Be7 7. Re1 O-O 8. h3
b5 9. Bc2 Na5 10. d4 exd4 11. cxd4 c5 12. b3 Nc6 13. Nc3 Bb7 14. Bb2 Re8 15.
Rc1 Qb6 16. d5 Nb4 17. Bb1 a5 18. Qe2 a4 19. Qxb5 Qxb5 20. Nxb5 axb3 21. a3 Na6
22. Bd3 Rec8 23. Bc4 Nc7 24. Nxc7 Rxc7 25. Bxb3 Ba6 26. Bc4 Rb7 27. Bxa6 Rxb2
28. Bc4 Rxa3 29. Ra1 Rxa1 30. Rxa1 g6 31. Re1 Rb4 32. Nd2 Nd7 33. Rb1 Rxb1+ 34.
Nxb1 Ne5 35. Na3 Bg5 36. Bf1 {(=)} 1/2-1/2

[Event "SVM_Verbandsliga_Nord_2023-24"]
[Site "?"]
[Date "2023.11.05"]
[Round "3.7"]
[White "Neumann, Thomas"]
[Black "Beckschwarte, Günter"]
[Result "0-1"]
[WhiteElo "1656"]
[BlackElo "1780"]
[PlyCount "52"]
[EventDate "2023.11.05"]
[WhiteTeam "SF Schlebusch 1"]
[BlackTeam "Schachuzipus 1"]

1. e4 e6 2. d4 d5 3. e5 c5 4. c3 cxd4 5. cxd4 Nc6 6. Be3 Qb6 7. Qd2 Bd7 8. a3
Na5 9. Ra2 Rc8 10. b4 Nc4 11. Bxc4 Rxc4 12. Nc3 Ne7 13. Nge2 Nf5 14. O-O Be7
15. Rc1 O-O 16. Rac2 Rfc8 17. Nd1 Qa6 18. Rxc4 Rxc4 19. Rxc4 Qxc4 20. Nec3 a5
21. Nb2 Qb3 22. bxa5 Bxa3 23. Nd3 Qc4 24. h3 h6 25. Nc5 Bxc5 26. dxc5 d4 0-1

[Event "SVM_Verbandsliga_Nord_2023-24"]
[Site "?"]
[Date "2023.11.05"]
[Round "3.8"]
[White "Rohleder, Traugott"]
[Black "Kolinko, Daniel"]
[Result "1-0"]
[WhiteElo "1678"]
[BlackElo "1696"]
[PlyCount "47"]
[EventDate "2023.11.05"]
[WhiteTeam "Schachuzipus 1"]
[BlackTeam "SF Schlebusch 1"]

1. c4 Nf6 2. Nc3 g6 3. Nf3 Bg7 4. g3 O-O 5. Bg2 d6 6. O-O Nbd7 7. d3 Kh8 8. Bg5
Nc5 9. b4 Ne6 10. Bd2 Nh5 11. e3 f5 12. d4 c5 13. bxc5 dxc5 14. d5 Nc7 15. Rb1
Rb8 16. e4 e5 17. exf5 Bxf5 18. Rb3 Bd3 19. Bg5 Bxf1 20. Bxd8 Bxg2 21. Kxg2
Rfxd8 22. Qb1 b6 23. Ne4 Ne8 24. Nxc5 1-0

[Event "SVM_Verbandsliga_Nord_2023-24"]
[Site "?"]
[Date "2023.11.05"]
[Round "3.1"]
[White "Wrzesniak, Marek"]
[Black "Rau, Nikita"]
[Result "0-1"]
[WhiteElo "1904"]
[BlackElo "2089"]
[PlyCount "116"]
[EventDate "2023.11.05"]
[WhiteTeam "Bayer Leverkusen 2"]
[BlackTeam "Godesberger SK 4"]

1. d4 Nf6 2. Nf3 g6 3. Bf4 Bg7 4. e3 d5 5. Bd3 O-O 6. O-O c5 7. c3 Nc6 8. h3
Nd7 9. Nbd2 e5 10. dxe5 Ndxe5 11. Be2 Be6 12. Re1 Qb6 13. Nxe5 Nxe5 14. Bxe5
Bxe5 15. Nf3 Bg7 16. Qc1 h6 17. e4 d4 18. cxd4 cxd4 19. Bd3 Rac8 20. Qd2 Rc5
21. b3 Rd8 22. Rac1 Rc3 23. Rc2 Qc5 24. Rec1 Rc8 25. Rxc3 dxc3 26. Qe2 a6 27.
Rc2 b5 28. Kf1 Rd8 29. Ne1 Qd6 30. Kg1 Bc8 31. Kh1 Bb7 32. f3 Qf4 33. g4 Qg3
34. Qf1 Re8 35. Re2 Be5 36. Qg2 Qf4 37. Bc2 Qc1 38. Qg1 Qa3 39. Bb1 Qd6 40. Nd3
Bd4 41. Qh2 Qd7 42. Bc2 Kg7 43. Qg3 a5 44. a3 Qe7 45. b4 Bc8 46. Re1 axb4 47.
axb4 Be6 48. Rb1 Bc4 49. h4 Ra8 50. h5 Ra2 51. Ne1 gxh5 52. gxh5+ Qg5 53. Qxg5+
hxg5 54. Kg2 Kh6 55. f4 gxf4 56. Kf3 Be3 57. Bd1 Rf2+ 58. Kg4 Be6+ 0-1

[Event "SVM_Verbandsliga_Nord_2023-24"]
[Site "?"]
[Date "2023.11.05"]
[Round "3.2"]
[White "Zhuikov, Edgard"]
[Black "Petrovic, Julijan"]
[Result "1-0"]
[WhiteElo "1878"]
[BlackElo "1746"]
[PlyCount "97"]
[EventDate "2023.11.05"]
[WhiteTeam "Godesberger SK 4"]
[BlackTeam "Bayer Leverkusen 2"]

1. e4 c5 2. d4 cxd4 3. c3 d3 4. Bxd3 d6 5. Nf3 g6 6. c4 Bg7 7. O-O Nf6 8. Nc3
Nc6 9. a3 O-O 10. h3 h6 11. Be3 Nd7 12. Rc1 Nde5 13. Nxe5 dxe5 14. b4 b6 15. c5
Nd4 16. Ne2 bxc5 17. bxc5 Qa5 18. Nxd4 exd4 19. Bd2 Qxa3 20. Bc4 e6 21. c6 a5
22. Bf4 e5 23. Bd2 Ba6 24. c7 Rfc8 25. Bxa6 Rxa6 26. Qg4 Qf8 27. Qd7 Bf6 28.
Qb5 Qd6 29. Bxa5 d3 30. Rfd1 Bg5 31. Rxd3 Rxa5 32. Qb7 Qa6 33. Qb8 Qa8 34. Rb1
Ra1 35. Rdb3 Rxb1+ 36. Rxb1 Be7 37. Qxa8 Rxa8 38. Rb8+ Rxb8 39. cxb8=Q+ Kg7 40.
Qxe5+ Bf6 41. Qe8 h5 42. g4 hxg4 43. hxg4 Bd4 44. Kg2 Bc3 45. f4 Bd2 46. Kf3
Bc3 47. e5 Ba1 48. f5 gxf5 49. gxf5 1-0

[Event "SVM_Verbandsliga_Nord_2023-24"]
[Site "?"]
[Date "2023.11.05"]
[Round "3.3"]
[White "Axmann, Michael"]
[Black "Maurer, Ralf"]
[Result "1-0"]
[WhiteElo "1646"]
[BlackElo "1803"]
[PlyCount "115"]
[EventDate "2023.11.05"]
[WhiteTeam "Bayer Leverkusen 2"]
[BlackTeam "Godesberger SK 4"]

1. d4 d5 2. Nf3 Nf6 3. e3 e6 4. Nbd2 c5 5. b3 Nc6 6. Bb2 cxd4 7. exd4 Bb4 8. c3
Be7 9. Bd3 O-O 10. O-O a6 11. Ne5 Nxe5 12. dxe5 Nd7 13. Qe2 b5 14. f4 Nc5 15.
Bc2 f5 16. exf6 Bxf6 17. Rae1 g6 18. Nf3 Qc7 19. Ne5 Bxe5 20. fxe5 Bb7 21. Qe3
Ne4 22. Bxe4 dxe4 23. Rxf8+ Rxf8 24. Qe2 Qxe5 25. b4 Bd5 26. c4 Qd6 27. cxd5
exd5 28. Qd2 Qb6+ 29. Bd4 Qe6 30. Rc1 Qf5 31. Qe2 Qd7 32. h3 h5 33. Qe3 Qf7 34.
Qg3 Qf5 35. Rc6 g5 36. Rc7 Rf7 37. Rxf7 Kxf7 38. Qf2 Ke6 39. Qxf5+ Kxf5 40. Kf2
g4 41. hxg4+ Kxg4 42. g3 Kf5 43. Ke3 Kg4 44. Kf2 h4 45. gxh4 Kxh4 46. Ke3 Kg3
47. Be5+ Kg4 48. a3 Kf5 49. Kd4 e3 50. Kxd5 e2 51. Bc3 Kf4 52. Kd4 Kf3 53. Be1
Kg2 54. Kd3 Kf3 55. Kd2 Ke4 56. Kxe2 Kd4 57. Kd2 Kc4 58. Kc2 1-0

[Event "SVM_Verbandsliga_Nord_2023-24"]
[Site "?"]
[Date "2023.11.05"]
[Round "3.5"]
[White "Hapka, Luca"]
[Black "Henn, Peter"]
[Result "1/2-1/2"]
[WhiteElo "1457"]
[BlackElo "1754"]
[PlyCount "130"]
[EventDate "2023.11.05"]
[WhiteTeam "Bayer Leverkusen 2"]
[BlackTeam "Godesberger SK 4"]

1. e4 e6 2. d4 d5 3. exd5 exd5 4. Nf3 Bd6 5. c4 c6 6. Nc3 Ne7 7. cxd5 cxd5 8.
Be2 O-O 9. O-O Nbc6 10. a3 a6 11. Bd3 Bg4 12. Bxh7+ Kh8 13. Bc2 Ng6 14. h3 Bxf3
15. Qxf3 Nxd4 16. Qh5+ Kg8 17. Bxg6 fxg6 18. Qxd5+ Kh7 19. Qxb7 Qe8 20. Qe4 Nb3
21. Qh4+ Kg8 22. Qc4+ Qf7 23. Qxf7+ Rxf7 24. Rb1 Re8 25. Be3 Bf4 26. Bxf4 Rxf4
27. Rbd1 Nd4 28. g3 Nf3+ 29. Kg2 Rf7 30. Nd5 g5 31. Ne3 Rb8 32. b4 a5 33. bxa5
Rb2 34. Rd8+ Kh7 35. Rfd1 Ra2 36. R8d7 Rf8 37. Rd8 Rf7 38. R1d7 Ne1+ 39. Kf1
Rfxf2+ 40. Kxe1 Rae2+ 41. Kd1 Rxe3 42. Rd3 Re5 43. R8d5 Rff5 44. Rxe5 Rxe5 45.
a6 Ra5 46. Rd6 Rxa3 47. Kc2 g4 48. hxg4 Rxg3 49. a7 Ra3 50. Rd7 Kh6 51. Kb2 Ra4
52. Kb3 Ra1 53. Kb4 g6 54. Kb5 Kg5 55. Kb6 Kxg4 56. Kb7 g5 57. Rd6 Rxa7+ 58.
Kxa7 Kg3 59. Kb6 g4 60. Rg6 Kf3 61. Rf6+ Ke3 62. Rg6 Kf3 63. Kc5 g3 64. Kd4 Kf2
65. Rxg3 Kxg3 1/2-1/2

[Event "SVM_Verbandsliga_Nord_2023-24"]
[Site "?"]
[Date "2023.11.05"]
[Round "3.6"]
[White "Boysen, Christopher"]
[Black "Yildiran, Sinan"]
[Result "0-1"]
[WhiteElo "1734"]
[BlackElo "1413"]
[PlyCount "102"]
[EventDate "2023.11.05"]
[WhiteTeam "Godesberger SK 4"]
[BlackTeam "Bayer Leverkusen 2"]

1. Nf3 Nf6 2. d4 d5 3. c4 c6 4. Nc3 Bg4 5. e3 e6 6. cxd5 cxd5 7. Qa4+ Nc6 8.
Bb5 Qb6 9. Ne5 Rc8 10. O-O Bd6 11. Bxc6+ bxc6 12. Nxg4 Nxg4 13. h3 Nf6 14. Re1
O-O 15. Qc2 c5 16. Na4 Qb5 17. dxc5 Bxc5 18. Nc3 Qc4 19. Bd2 Bb6 20. b3 Qh4 21.
Qd3 d4 22. exd4 Bxd4 23. g3 Qxh3 24. Qxd4 Ng4 25. Qf4 h5 26. Qf3 Rfd8 27. Rad1
Rd3 28. Qg2 Qxg2+ 29. Kxg2 Rxd2 30. Rxd2 Rxc3 31. Red1 a5 32. Rd8+ Kh7 33. R1d2
Nf6 34. Ra8 Rc5 35. Ra7 Kg6 36. Rd8 Ng4 37. Rdd7 Ne5 38. Rdc7 Rd5 39. Kf1 Kf5
40. f4 Ng4 41. Rxf7+ Ke4 42. Rfd7 Rc5 43. Rac7 Rb5 44. Rxg7 a4 45. Rc4+ Kf3 46.
Rc3+ Ne3+ 47. Kg1 Rd5 48. Rc1 Rd2 49. bxa4 Nd1 50. Rg5 Rg2+ 51. Kf1 Ne3+ 0-1

[Event "SVM_Verbandsliga_Nord_2023-24"]
[Site "?"]
[Date "2023.11.05"]
[Round "3.7"]
[White "Devine, Sean"]
[Black "Große-Gehling, Thomas"]
[Result "0-1"]
[WhiteElo "1312"]
[BlackElo "1663"]
[PlyCount "96"]
[EventDate "2023.11.05"]
[WhiteTeam "Bayer Leverkusen 2"]
[BlackTeam "Godesberger SK 4"]

1. e4 Nf6 2. e5 Nd5 3. d4 d6 4. Nf3 g6 5. c3 Bg7 6. Bf4 O-O 7. Bg3 Nd7 8. Bc4
N7b6 9. Bxd5 Nxd5 10. O-O e6 11. Nbd2 Ne7 12. exd6 cxd6 13. Nc4 Nf5 14. Bf4 b5
15. Ne3 Nxe3 16. Bxe3 Bb7 17. Ng5 h6 18. Nh3 Qh4 19. Qe2 e5 20. Rfd1 Rfd8 21.
f3 a6 22. Bf2 Qe7 23. d5 Re8 24. Qd2 Bc8 25. Re1 Bxh3 26. gxh3 Qf6 27. Kg2 Kh7
28. Re4 Qg5+ 29. Qxg5 hxg5 30. Rae1 f5 31. R4e2 Bf6 32. Bb6 Be7 33. Ba5 Rec8
34. Rd1 Kg7 35. Rd3 Rc4 36. b3 Rh4 37. c4 bxc4 38. bxc4 Rxc4 39. Rb3 Rc5 40.
Rb7 Kf6 41. Bd2 Bd8 42. Bxg5+ Kxg5 43. f4+ Kxf4 44. Rf2+ Kg5 45. Rf7 Rc7 46.
Rf8 Kh6 47. Re8 Re7 48. Rf8 Kg7 0-1

[Event "SVM_Verbandsliga_Nord_2023-24"]
[Site "?"]
[Date "2023.11.05"]
[Round "3.8"]
[White "Foitzik, Peter"]
[Black "Scheidel, Pascal"]
[Result "0-1"]
[WhiteElo "1652"]
[BlackElo "1354"]
[PlyCount "122"]
[EventDate "2023.11.05"]
[WhiteTeam "Godesberger SK 4"]
[BlackTeam "Bayer Leverkusen 2"]

1. e4 e5 2. Nc3 Nc6 3. Bc4 Bc5 4. d3 Nf6 5. Bg5 h6 6. Bh4 g5 7. Bg3 d6 8. Na4
Bb6 9. Nxb6 axb6 10. h4 g4 11. h5 d5 12. exd5 Nxd5 13. Ne2 O-O 14. Qd2 Kg7 15.
Nc3 Nxc3 16. Qxc3 f6 17. O-O-O Nd4 18. Rde1 b5 19. Bb3 Nxb3+ 20. Qxb3 c6 21. f4
gxf3 22. gxf3 Qd6 23. Rhg1 Kh7 24. c4 Bf5 25. Rd1 Qc5 26. Rgf1 Qe3+ 27. Kb1
Rad8 28. Ka1 Rxd3 29. Rxd3 Qxd3 30. Qxd3 Bxd3 31. Rd1 bxc4 32. b3 b5 33. bxc4
Bxc4 34. Rd6 Bd5 35. f4 e4 36. Bf2 Rf7 37. Kb2 Kg7 38. Bd4 Rf8 39. Rd7+ Bf7 40.
Rc7 Re8 41. Rxc6 Re6 42. Rc3 Bxh5 43. Rg3+ Kh7 44. a3 Rc6 45. Bc3 Bf3 46. Kc2
h5 47. Rh3 Kg6 48. Kb3 Rxc3+ 49. Kxc3 Kf5 50. Rh4 Bg4 51. Kb4 Kxf4 52. Kxb5 e3
53. Rh1 e2 54. Kc4 Ke3 55. Re1 Kf2 56. Rc1 h4 57. a4 h3 58. a5 e1=Q 59. Rxe1
Kxe1 60. a6 h2 61. a7 h1=Q 0-1

[Event "SVM_Verbandsliga_Nord_2023-24"]
[Site "?"]
[Date "2023.12.10"]
[Round "4.1"]
[White "Wrzesniak, Marek"]
[Black "Hoffmann, Klaus-Peter"]
[Result "1/2-1/2"]
[WhiteElo "1904"]
[BlackElo "2064"]
[PlyCount "39"]
[EventDate "2023.12.10"]
[WhiteTeam "Bayer Leverkusen 2"]
[BlackTeam "SV KS Leverkusen 1"]

1. d4 g6 2. Nf3 Bg7 3. g3 d6 4. Bg2 f5 5. b3 Nf6 6. Bb2 O-O 7. c4 c6 8. O-O Qe8
9. Nc3 Na6 10. Qd2 h6 11. Rfe1 Ne4 12. Qe3 Nf6 13. a3 Qf7 14. Qd2 Ne4 15. Qc2
g5 16. e3 Nc7 17. Nd2 Nxc3 18. Bxc3 d5 19. f4 g4 20. a4 {(=)} 1/2-1/2

[Event "SVM_Verbandsliga_Nord_2023-24"]
[Site "?"]
[Date "2023.12.10"]
[Round "4.2"]
[White "Wirtz, Frank"]
[Black "Horstmann, Benjamin"]
[Result "1/2-1/2"]
[WhiteElo "1936"]
[BlackElo "1798"]
[PlyCount "37"]
[EventDate "2023.12.10"]
[WhiteTeam "SV KS Leverkusen 1"]
[BlackTeam "Bayer Leverkusen 2"]

1. Nf3 c5 2. c4 Nc6 3. Nc3 g6 4. g3 Bg7 5. Bg2 e5 6. e4 Nge7 7. O-O O-O 8. d3
d6 9. Ne1 f5 10. f4 Be6 11. Nf3 fxe4 12. Ng5 Qd7 13. Nxe6 Qxe6 14. Bxe4 Qd7 15.
Rb1 Rad8 16. Qe2 b6 17. Qg2 Kh8 18. Bd2 Nd4 19. fxe5 {(=)} 1/2-1/2

[Event "SVM_Verbandsliga_Nord_2023-24"]
[Site "?"]
[Date "2023.12.10"]
[Round "4.3"]
[White "Petrovic, Julijan"]
[Black "Schmitz, Andreas"]
[Result "1-0"]
[WhiteElo "1746"]
[BlackElo "1883"]
[PlyCount "41"]
[EventDate "2023.12.10"]
[WhiteTeam "Bayer Leverkusen 2"]
[BlackTeam "SV KS Leverkusen 1"]

1. e4 e6 2. d4 d5 3. Nc3 Nf6 4. exd5 Nxd5 5. Bd3 Be7 6. Nf3 Nd7 7. O-O Nxc3 8.
bxc3 O-O 9. c4 c6 10. a4 Re8 11. Re1 Nf8 12. c3 Bf6 13. c5 h6 14. a5 Qc7 15.
Ne5 Bxe5 16. Rxe5 f6 17. Re3 e5 18. Rg3 Kh8 19. Qh5 Be6 20. Bxh6 gxh6 21. Qxh6+
1-0

[Event "SVM_Verbandsliga_Nord_2023-24"]
[Site "?"]
[Date "2023.12.10"]
[Round "4.4"]
[White "Blomeyer, Peter"]
[Black "Kurth, Laurenz"]
[Result "1-0"]
[WhiteElo "1819"]
[BlackElo "1594"]
[PlyCount "69"]
[EventDate "2023.12.10"]
[WhiteTeam "SV KS Leverkusen 1"]
[BlackTeam "Bayer Leverkusen 2"]

1. c4 c6 2. Nf3 d5 3. b3 Nf6 4. Bb2 Bf5 5. g3 e6 6. Bg2 Bd6 7. d3 O-O 8. O-O
Nbd7 9. Nbd2 Qe7 10. Re1 e5 11. e4 dxe4 12. dxe4 Bg6 13. Qc2 Rfe8 14. a3 a5 15.
Nh4 Qd8 16. Nf5 Qc7 17. Bc3 b6 18. b4 axb4 19. axb4 c5 20. b5 Nf8 21. Qb2 N6d7
22. Nf3 f6 23. Rad1 Be7 24. N3h4 Ne6 25. Nxg6 hxg6 26. Ne3 Nd4 27. Nd5 Qd6 28.
Ra1 Rxa1 29. Rxa1 Qb8 30. Ra6 Bd8 31. Kf1 Ne6 32. Bh3 Qd6 33. Ra7 Bc7 34. Bxe6+
Qxe6 35. Rxc7 1-0

[Event "SVM_Verbandsliga_Nord_2023-24"]
[Site "?"]
[Date "2023.12.10"]
[Round "4.6"]
[White "Robeck, Guido"]
[Black "Hapka, Luca"]
[Result "1/2-1/2"]
[WhiteElo "1694"]
[BlackElo "1457"]
[PlyCount "54"]
[EventDate "2023.12.10"]
[WhiteTeam "SV KS Leverkusen 1"]
[BlackTeam "Bayer Leverkusen 2"]

1. d4 Nf6 2. e3 g6 3. Bd3 Bg7 4. f4 d6 5. Nf3 Nbd7 6. O-O O-O 7. c4 c5 8. Nc3
cxd4 9. exd4 e6 10. b3 Nb6 11. Ba3 Re8 12. Rc1 a6 13. Rc2 d5 14. c5 Nbd7 15.
Ne5 Nb8 16. Qf3 Nc6 17. Ne2 Nd7 18. Nxc6 bxc6 19. Bb2 a5 20. Nc1 Nb8 21. Rd2
Ba6 22. Qe2 Qc8 23. Bxa6 Nxa6 24. Bc3 Nc7 25. a4 Qb7 26. Rb2 Na6 27. Nd3 Nb4 {
(=)} 1/2-1/2

[Event "SVM_Verbandsliga_Nord_2023-24"]
[Site "?"]
[Date "2023.12.10"]
[Round "4.7"]
[White "Elshani, Shaip"]
[Black "Asadzade, Muhammed"]
[Result "0-1"]
[WhiteElo "1574"]
[BlackElo "1565"]
[PlyCount "120"]
[EventDate "2023.12.10"]
[WhiteTeam "Bayer Leverkusen 2"]
[BlackTeam "SV KS Leverkusen 1"]

1. e4 c5 2. Nf3 g6 3. Bc4 Bg7 4. O-O Nc6 5. c3 d6 6. h3 Nf6 7. Re1 Ne5 8. Nxe5
dxe5 9. d3 O-O 10. Be3 Qc7 11. Nd2 b6 12. Nf3 Rd8 13. Qb3 e6 14. Rad1 Bb7 15.
Ng5 Bc8 16. a4 h6 17. Nf3 Ne8 18. Qc2 Nd6 19. Ba2 Bb7 20. Qc1 Kh7 21. Nh2 c4
22. f3 cxd3 23. Rxd3 Ba6 24. Rdd1 Nc4 25. b4 Nxe3 26. Qxe3 Bc4 27. Bxc4 Qxc4
28. Ng4 h5 29. Nf2 Bh6 30. Qe2 Qxc3 31. b5 Qb4 32. Nd3 Qc3 33. Nf2 Rd4 34. Rxd4
exd4 35. e5 Be3 36. Kh1 Bxf2 37. Qxf2 Rd8 38. Qh4 Rd7 39. Qf2 d3 40. f4 Qc2 41.
Qf3 d2 42. Rd1 Qxa4 43. g4 h4 44. f5 exf5 45. gxf5 Qxb5 46. fxg6+ fxg6 47. Qf2
Qxe5 48. Rxd2 Rxd2 49. Qxd2 Qe7 50. Qd4 Qe1+ 51. Kh2 Qg3+ 52. Kh1 Qxh3+ 53. Kg1
Qg3+ 54. Kh1 Qg5 55. Qd7+ Kh6 56. Qe8 Qf4 57. Qh8+ Kg5 58. Qd8+ Kg4 59. Qd7+
Kg3 60. Qd3+ Qf3+ 0-1

[Event "SVM_Verbandsliga_Nord_2023-24"]
[Site "?"]
[Date "2023.12.10"]
[Round "4.8"]
[White "Granz, Thomas"]
[Black "Devine, Sean"]
[Result "1/2-1/2"]
[WhiteElo "1738"]
[BlackElo "1312"]
[PlyCount "95"]
[EventDate "2023.12.10"]
[WhiteTeam "SV KS Leverkusen 1"]
[BlackTeam "Bayer Leverkusen 2"]

1. d4 d5 2. c4 c6 3. Nc3 Nf6 4. Nf3 e6 5. Bg5 Be7 6. e3 O-O 7. Bd3 dxc4 8. Bxc4
Nbd7 9. a4 Bb4 10. O-O Qa5 11. Qc2 h6 12. Bh4 b6 13. Ba2 Bb7 14. Bb1 g6 15.
Bxf6 Nxf6 16. Ne5 Be7 17. Nxg6 fxg6 18. Qxg6+ Kh8 19. Qxh6+ Kg8 20. Qg6+ Kh8
21. Ne4 Qh5 22. Nxf6 Qxg6 23. Bxg6 Rxf6 24. Be4 Raf8 25. Rac1 Ba6 26. Rfe1 Rxf2
27. Bf3 Rxb2 28. Rxc6 Bb7 29. Rxe6 Bxf3 30. gxf3 Rg8+ 31. Kh1 Rgg2 32. Rh6+ Kg7
33. Rh3 a5 34. Rg3+ Rxg3 35. hxg3 Bd6 36. f4 b5 37. axb5 a4 38. Ra1 a3 39. e4
a2 40. Rxa2 Rxa2 41. e5 Be7 42. d5 Rb2 43. d6 Bxd6 44. exd6 Rxb5 45. Kg2 Rd5
46. Kf3 Rxd6 47. Ke4 Kf6 48. g4 {(=)} 1/2-1/2

[Event "SVM_Verbandsliga_Nord_2023-24"]
[Site "?"]
[Date "2023.12.10"]
[Round "4.1"]
[White "Rau, Nikita"]
[Black "Eulering, Georg"]
[Result "1-0"]
[WhiteElo "2089"]
[BlackElo "2102"]
[PlyCount "77"]
[EventDate "2023.12.10"]
[WhiteTeam "Godesberger SK 4"]
[BlackTeam "SF Schlebusch 1"]

1. e4 c5 2. Nf3 Nf6 3. Nc3 Nc6 4. d4 d5 5. exd5 Nxd5 6. Nxd5 Qxd5 7. Be3 cxd4
8. Nxd4 a6 9. Be2 e5 10. Bf3 e4 11. Nxc6 Qxc6 12. Be2 Be7 13. c3 O-O 14. Qd4
Rd8 15. Qb6 Be6 16. Qxc6 bxc6 17. O-O a5 18. Rfd1 Rxd1+ 19. Bxd1 a4 20. Bc2 f5
21. Rd1 Rb8 22. Bxa4 Rxb2 23. Bxc6 Rxa2 24. g4 Rc2 25. Bd4 Bf6 26. gxf5 Bxf5
27. Bd5+ Kh8 28. Rb1 h6 29. Bb3 Rd2 30. Be3 Rd8 31. c4 Rc8 32. c5 Be7 33. Rc1
Rc7 34. c6 Bd6 35. Bd5 g5 36. Bb6 Bf4 37. Ra1 Rc8 38. Ra7 Bb8 39. Bd4+ 1-0

[Event "SVM_Verbandsliga_Nord_2023-24"]
[Site "?"]
[Date "2023.12.10"]
[Round "4.2"]
[White "Pyka, Andreas"]
[Black "Schumacher, Markus"]
[Result "1-0"]
[WhiteElo "2014"]
[BlackElo "1834"]
[PlyCount "69"]
[EventDate "2023.12.10"]
[WhiteTeam "SF Schlebusch 1"]
[BlackTeam "Godesberger SK 4"]

1. Nf3 Nf6 2. g3 g6 3. Bg2 Bg7 4. O-O O-O 5. c4 d6 6. Nc3 Nbd7 7. d4 c6 8. e4
Qc7 9. Re1 e5 10. h3 Re8 11. Be3 Nf8 12. d5 c5 13. a3 a6 14. Nd2 Bd7 15. b4 b6
16. bxc5 bxc5 17. a4 Rab8 18. a5 Rb7 19. Ra3 Reb8 20. f4 Nh5 21. Ne2 Bh6 22.
fxe5 Bxe3+ 23. Rxe3 dxe5 24. Qa1 Rb4 25. Nf3 f6 26. g4 Nf4 27. Nxf4 exf4 28.
R3e2 Qd8 29. e5 Ra4 30. Qc1 Qxa5 31. Qxf4 Bb5 32. exf6 Nd7 33. Ng5 Rxc4 34.
Qxb8+ Nf8 35. Ne6 1-0

[Event "SVM_Verbandsliga_Nord_2023-24"]
[Site "?"]
[Date "2023.12.10"]
[Round "4.3"]
[White "Zhuikov, Edgard"]
[Black "Themm, Rainer"]
[Result "1-0"]
[WhiteElo "1878"]
[BlackElo "1810"]
[PlyCount "43"]
[EventDate "2023.12.10"]
[WhiteTeam "Godesberger SK 4"]
[BlackTeam "SF Schlebusch 1"]

1. e4 c5 2. d4 cxd4 3. c3 dxc3 4. Nxc3 d6 5. Nf3 Nf6 6. Bc4 e6 7. O-O Be7 8.
Qe2 O-O 9. Rd1 Bd7 10. Bf4 e5 11. Bg5 a6 12. Bxf6 gxf6 13. Nh4 f5 14. Nxf5 Bxf5
15. exf5 Nd7 16. Ne4 Nf6 17. Nxf6+ Bxf6 18. Qh5 Qe7 19. Rd3 Bg5 20. Rh3 h6 21.
Qg6+ Kh8 22. Rxh6+ 1-0

[Event "SVM_Verbandsliga_Nord_2023-24"]
[Site "?"]
[Date "2023.12.10"]
[Round "4.4"]
[White "König, Linus"]
[Black "Maurer, Ralf"]
[Result "1-0"]
[WhiteElo "1808"]
[BlackElo "1803"]
[PlyCount "49"]
[EventDate "2023.12.10"]
[WhiteTeam "SF Schlebusch 1"]
[BlackTeam "Godesberger SK 4"]

1. d4 d5 2. Nf3 e6 3. e3 Nf6 4. Bd3 c5 5. b3 Nc6 6. Bb2 Bd7 7. O-O Rc8 8. a3 a6
9. Qe2 b5 10. c4 bxc4 11. bxc4 a5 12. Nbd2 cxd4 13. cxd5 Nxd5 14. Nxd4 Qg5 15.
Bb5 Bd6 16. Bxc6 Bxc6 17. Nxc6 Qh6 18. h3 Rxc6 19. Qb5 Ne7 20. Rac1 Kd7 21.
Rfd1 Rb8 22. Qa4 Rxb2 23. Nc4 Qf6 24. Rxd6+ Kc7 25. Rxc6+ 1-0

[Event "SVM_Verbandsliga_Nord_2023-24"]
[Site "?"]
[Date "2023.12.10"]
[Round "4.5"]
[White "Albert, Markus"]
[Black "Rohde, Ricky"]
[Result "1/2-1/2"]
[WhiteElo "1787"]
[BlackElo "1895"]
[PlyCount "30"]
[EventDate "2023.12.10"]
[WhiteTeam "Godesberger SK 4"]
[BlackTeam "SF Schlebusch 1"]

1. e4 d5 2. exd5 Nf6 3. d4 Bg4 4. Nf3 Qxd5 5. Be2 Nc6 6. c4 Qh5 7. Nc3 O-O-O 8.
Be3 e6 9. Qd2 Bb4 10. O-O Bd6 11. h3 Bxh3 12. gxh3 Qxh3 13. Nb5 Qg4+ 14. Kh1
Qh3+ 15. Kg1 Qg4+ {(=)} 1/2-1/2